Cinéma par lettre - V - Statistiques

Statistiques générales
  • Ce quiz a été pris 167 fois
  • Le résultat moyen est 7 sur 14
Statistiques - réponses
Questions Réponses % Correct
Quel acteur se cache derrière les initiales "JCVD" ? Jean-Claude Van Damme
93%
Quel film d'animation relate l'histoire d'une adolescente tentant de connaître ses ancêtres mais croisant Maui, un demi-dieu l'aidant dans sa quête ? Vaiana
79%
Quel film d'animation met en scène le quartier cérébral de Riley, une jeune fille dont on comprend les expériences ? Vice Versa
78%
Quel acteur joue le con dans "Le Dîner de cons" ainsi que la denrée dans "La Soupe aux choux" ? Jacques Villeret
73%
Quel film raconte l'histoire de trois amis devant retrouver leur quatrième ami pour le ramener à son mariage ? Very Bad Trip
71%
Quel film d'Hitchcock relate l'histoire de Scottie, un inspecteur de police limogé car sujet au vertige ? Vertigo
65%
Quelle chanteuse et actrice a formé un couple avec Johnny Hallyday dans les années 1960 ? Sylvie Vartan
62%
Quel acteur joue dans "Le Clan des Siciliens" et "Les Tontons Flingueurs" ? Lino Ventura
51%
Quel film a pour cadre une Angleterre fasciste d'après-guerre nucléaire ? V pour Vendetta
50%
Quel personnage a pour autre identité Eddie Brock ? Venom
42%
Quel film avec Alice Sapritz reprend le roman d'Hervé Bazin ? Vipère au Poing
29%
Quel film relate l'histoire de Crystal Lake, un camp de vacances fermé depuis plus de 20 ans ? Vendredi 13
22%
Quel acteur joue dans "Serial Noceurs" et "La Torture" ? Vince Vaughn
7%
Quel film relate l'histoire d'un couple âgé vivant leurs derniers instants au sein d'un appartement rempli de livres ? Vortex
4%
Aucun quiz correspondant
Distribution des résultats
% des personnes avec chaque résultat
Percentile par nombre de réponses
Votre historique - résultats
Vous n’avez pas pris ce quiz